[Event "WchT ICSC Silent 19th"]
[Site "Chiavenna"]
[Date "2019.12.14"]
[Round "1.1"]
[White "Svec, Darko"]
[Black "Aadish, S."]
[Result "1-0"]
[WhiteElo "1898"]
[BlackElo "1515"]
[PlyCount "82"]
[EventDate "2019.12.14"]
[EventType "team-tourn"]
[EventRounds "9"]
[EventCountry "ITA"]
[SourceTitle "CBM 193 Extra"]
[Source "ChessBase"]
[SourceDate "2020.01.31"]
[SourceVersion "1"]
[SourceVersionDate "2020.01.31"]
[SourceQuality "1"]
[WhiteTeam "Croatia"]
[BlackTeam "India"]
[WhiteTeamCountry "CRO"]
[BlackTeamCountry "IND"]

1. d4 Nf6 2. c4 d5 3. cxd5 Nxd5 4. e4 Nf6 5. Nc3 h6 6. Nf3 Bg4 7. Be2 e6 8. 0-0 Bb4 9. Qa4+ Nc6 10. Bb5 Bxc3 11. Bxc6+ bxc6 12. Qxc6+ Kf8 13. bxc3 Bxf3 14. gxf3 Kg8 15. Bf4 Ne8 16. Bg3 Kh7 17. Rab1 Nd6 18. e5 Nf5 19. Rb7 Kg6 20. Qxc7 Qxc7 21. Rxc7 Rhc8 22. Rxc8 Rxc8 23. Rd1 Rxc3 24. d5 exd5 25. Rxd5 Ra3 26. Rd2 Rxf3 27. Kg2 Ra3 28. Rc2 Nd4 29. Rc4 Ne6 30. Rc2 Kf5 31. Rd2 Ng5 32. Re2 Ra4 33. f3 Ra3 34. Rf2 Ne6 35. Rd2 g5 36. Kf2 Nf4 37. h4 Nd3+ 38. Kg2 Nc1 39. Rd7 Rxa2+ 40. Kh3 Ke6 41. Rd6+ Ke7 1-0